000
00292nam a2200121Ia 4500
008
220120s9999||||xx |||||||||||||| ||und||
020
_a
9780439829267
082
_a
510 MUR
100
_a
Murthy, V.N.S
245
0
_a
Text book of soil mathematics
260
_b
New York
300
_a
117p.
_b
143
999
_c
136486
_d
136486